000 00942nam a22003017a 4500
001 BR7602771
003 BR-BrBNA
005 20230928084959.0
007 ta
008 230509b bl.||||| |||| 00| 0 por d
040 _aBR-BrBNA
_bpor
_cBiblioteca Nacional de Agricultura
041 _a(Por)
072 _aL70
_b/G514
090 _ L70 BR7602771
110 1 _aUniversidade Federal de Pelotas, RS (Brasil). Faculdade de Veterinaria;
_910886
110 1 _aAssociacao dos Medicos Veterinarios da Zona Sul, Pelotas, RS (Brasil)
111 1 _a2. Encontro de Pesquisa Veterinaria
_cPelotas, RS (Brazil)
_dSep 1977
245 1 _a2. Encontro de Pesquisa Veterinaria [Brasil]
260 3 _aPelotas, RS (Brasil):
_c1976.
300 _a29 p.
500 _aSummary only
650 _aVeterinaria
650 _aDiagnostico
650 _aMedicamento
650 _aRio Grande do Sul
909 _a202309
_bLucia
_c55
_dLucia Elande
942 _cBK
999 _c22241
_d22241